Çerkez Etem (Record no. 1739)

MARC details
000 -BAŞLIK
Sabit Uzunlukta Kontrol Alanı 00726na a2200265 4500
001 - KONTROL NUMARASI
Denetim Alanı 14197
003 - KONTROL NUMARASI IDENTIFIER
Denetim Alanı MIRAKIL
005 - SON İŞLEM TARİHİ VE ZAMANI
Denetim Alanı 20181213154833.0
008 - SABİT-BOY VERİ ELEMANLARI - GENEL BİLGİLER
Sabit Uzunlukta Kontrol Alanı 161025b tu 000 0
020 ## - ULUSLARARASI STANDART KİTAP NUMARASI
Uluslararası Standart Kitap Numarası 9758231006
035 ## - SİSTEM KONTROL NUMARASI
Sistem Kontrol Numarası 14197
040 ## - KATALOGLAMA KAYNAK
Orijinal Kataloglama Ajansı Milas
Kataloglama Dili tur
Metne Dönüştürmek Ajansı TR-AnCHP
041 ## - DİL KODU
Metin / Ses Parça Veya Ayrı Başlığın Dil Kodu tur
082 ## - DEWEY ONLU SINIFLANDIRMA NUMARASI
Sınıflandırma Numarası 956.1023092
Ürün Numarası Y24ç 1997
090 ## - SINIFLAMA NUMARASI
Sınıflama Numarası 956.1023092 Y24ç 1997
100 ## - ANA GİRİŞ - KİŞİSEL İSİM
Kişisel Ad Yalaz, Suat
245 ## - BAŞLIK TABLOSU
Başlık Çerkez Etem
Sorumluluk Tablosu, Vb Suat Yalaz
260 ## - YAYIN, DAĞITIM, VB
Yayın, Dağıtım, Vb Yeri İstanbul
Yayıncı, Dağıtıcı, Vs Adı Yalaz Prodüksiyon Yayınları
Yayın, Dağıtım, Vb Tarihi 1997
300 ## - FİZİKSEL TANIM
Kapsam 228 s.
Diğer Fiziksel Ayrıntıları res.
Boyutlar 24 sm.
500 ## - GENEL NOT
Genel Not Yapıt, belgesel resimli romandır.
650 ## - KONU KATMA GİRİŞ - TOPİKAL DÖNEM
Topikal Süreli Veya Coğrafi Ad Giriş Elemanı İsyanlar, Edebiyatta
650 ## - KONU KATMA GİRİŞ - TOPİKAL DÖNEM
Topikal Süreli Veya Coğrafi Ad Giriş Elemanı Kurtuluş Savaşı
Genel Alt Bölümü İsyanlar
942 ## - EKLENDİ GİRİŞ ELEMANLARI (KOHA)
Sınıflandırma Veya Raf Düzeni Kaynak Dewey Decimal Classification
Koha Öğesi Türü Books
999 ## - SİSTEM KONTROL NUMARALARI (KOHA)
Koha Biblionumber 1739
Koha Biblioitemnumber 1739
657 ## - INDEX SÜRE - İŞLEVİ
-- Çizgi tarih romanı
Holdings
Kalıcı Konum Mevcut Konum Edinme Tarihi Edinim Kaynak Toplam Check-Out'Lar Tam Çağrı Numarası Barkod Tarih Son Görülme İtibaren Geçerli Fiyatlar Koha Öğesi Türü
CHP Kütüphanesi CHP Kütüphanesi 08/25/2016 Bağış   956.1023092 Y24ç 1997 002060 08/25/2016 08/25/2016 Books